Vista normal Vista MARC

Entrada Materia (personas)

Número de registros utilizados en: 3

001 - CONTROL NUMBER

  • control field: 77350

003 - CONTROL NUMBER IDENTIFIER

  • control field: Co-BoUCM

005 - DATE AND TIME OF LATEST TRANSACTION

  • control field: 20160523085710.0

008 - FIXED-LENGTH DATA ELEMENTS

  • fixed length control field: 160523|| aca||aabn | a|a d

040 ## - CATALOGING SOURCE

  • Original cataloging agency: Co-BoUCM
  • Transcribing agency: Co-BoUCM

100 ## - HEADING--PERSONAL NAME

  • Personal name: Pardo Motta, Diego Nicolás

670 ## - SOURCE DATA FOUND

  • Source citation: Work cat.: (Co-BoUCM)303408: Pardo Motta, Diego Nicolás, Manuales de urbanidad. Construcción y destrucción del ciudadano durante el liberalismo radical (1863-1886), 2016